Central Library OPAC University of Rajshahi

Executive suite / (Record no. 84759)

MARC details
000 -LEADER
fixed length control field 00606nam a2200217 a 4500
001 - CONTROL NUMBER
control field 84759
003 - CONTROL NUMBER IDENTIFIER
rucl marc code BD-RjUL
005 - DATE AND TIME OF LATEST TRANSACTION
control field 20250306141611.0
008 - FIXED-LENGTH DATA ELEMENTS--GENERAL INFORMATION
fixed length control field 250306r19531952us ||||| |||| 00| 0 eng d
035 ## - SYSTEM CONTROL NUMBER
System control number (BD-RjUL)84759
040 ## - CATALOGING SOURCE
Original cataloging agency BD-RjUL
Language of cataloging eng
Transcribing agency BD-RjUL
041 ## - LANGUAGE CODE
Language code of text/sound track or separate title eng
082 ## - DEWEY DECIMAL CLASSIFICATION NUMBER
Edition number 23
Classification number 813.54
Author mark and year HAE 1952
100 ## - MAIN ENTRY--PERSONAL NAME
Personal name Hawley, Cameron
9 (RLIN) 15152
245 ## - TITLE STATEMENT
Title Executive suite /
Statement of responsibility, etc. Cameron Hawley
260 ## - PUBLICATION, DISTRIBUTION, ETC. (IMPRINT)
Place of publication, distribution, etc. Boston :
Name of publisher, distributor, etc. Dughton Mifflin Comaany,
Date of publication, distribution, etc. 1952
300 ## - PHYSICAL DESCRIPTION
Pagination 346 pages ;
Size 19 cm.
650 ## - SUBJECT ADDED ENTRY--TOPICAL TERM
Topical term or geographic name as entry element Books that Shaped Work in America
9 (RLIN) 15153
Topical term or geographic name as entry element American Fiction
9 (RLIN) 3004
942 ## - ADDED ENTRY ELEMENTS (KOHA)
Source of classification or shelving scheme Dewey Decimal Classification
Koha item type Books
Holdings
Lost status Source of classification or shelving scheme Damaged status Not for loan Collection code Permanent Location Current Location Shelving location Date acquired Source of acquisition Total Checkouts Full call number Date last seen Copy number Koha item type
  Dewey Decimal Classification   Not For Loan Non-fiction Central Library, University of Rajshahi Central Library, University of Rajshahi Reading Room 09/09/2024 Author   813.54 HAE 1952 06/03/2025 C-1 Books